banner-ar

فى الدبلوماسية المعاصرة / (Record no. 47759)

MARC details
000 -الفاتح
حقل البيانات ثابتة الطول 00552nam a2200181Ia 4500
008 - عناصر البيانات ثابتة الطول - معلومات عامة
حقل البيانات ثابتة الطول 140319s9999 xx 000 0 ara d
040 ## - مصدر الفهرسة
وكالة الفهرسة الأصلية GCL /
وكالة النسخ GCL
082 04 - رقم تصنيف ديوى العشرى
رقم التصنيف 327.2
رقم المادة ا ف
100 1# - المدخل الرئيسى - إسم شخصى
الإسم الشخصى السيد امين شلبى
245 10 - بيان العنوان
العنوان فى الدبلوماسية المعاصرة /
بيان المسئوليه,etc السيد امين شلبى
300 ## - الوصف المادى
التعداد 284 ص
490 ## - بيان السلسلة
عنوان السلسلة
650 04 - المدخل الاضافى بالموضوع-مصطلح موضوعى
مصطلح موضوعي الدبلوماسية
650 04 - المدخل الاضافى بالموضوع-مصطلح موضوعى
مصطلح موضوعي الدبلوماسية - الحضارة
650 04 - المدخل الاضافى بالموضوع-مصطلح موضوعى
مصطلح موضوعي الدبلوماسية - السلك الدبلوماسى
942 ## - عناصر المدخل الإضافي( كوها)
مصدر التصنيف او مخطط الترفيف Dewey Decimal Classification
Koha [default] item type كتاب
Holdings
حالة التراجع حالة الفقد حالة تلف ليس للاعارة المكان المؤقت الموقع الحالى تاريخ الاكتساب اجمالي اﻻعارات رقم الطلب الباركود تاريخ اخر مشاهدة تاريخ تفعيل السعر نوع وعاء كوها
        مكتبة القاهرة الكبرى مكتبة القاهرة الكبرى 03/26/2014   327.2\ا ف 115166 03/26/2014 03/26/2014 كتاب
        مكتبة القاهرة الكبرى مكتبة القاهرة الكبرى 03/26/2014   327.2\ا ف 115167 03/26/2014 03/26/2014 كتاب

Powered By

EGPV